
Library Catalogue

| 000 -LEADER | |
|---|---|
| fixed length control field | 00727cam a2200217 a 4500 |
| 001 - CONTROL NUMBER | |
| control field | 16561580 |
| 003 - CONTROL NUMBER IDENTIFIER | |
| control field | OSt |
| 005 - DATE AND TIME OF LATEST TRANSACTION | |
| control field | 20260323105859.0 |
| 008 - FIXED-LENGTH DATA ELEMENTS--GENERAL INFORMATION | |
| fixed length control field | 101001s2010 ii af b 001 0deng d |
| 020 ## - INTERNATIONAL STANDARD BOOK NUMBER | |
| International Standard Book Number | 9788190676021 |
| 040 ## - CATALOGING SOURCE | |
| Transcribing agency | . |
| 082 ## - DEWEY DECIMAL CLASSIFICATION NUMBER | |
| Classification number | 305.420954 GUP |
| 100 1# - MAIN ENTRY--PERSONAL NAME | |
| Personal name | Dutta Gupta, Sarmistha. |
| 245 10 - TITLE STATEMENT | |
| Title | Identities and histories : |
| Remainder of title | women's writing and politics in Bengal / |
| Statement of responsibility, etc. | Sarmistha Dutta Gupta. |
| 260 ## - PUBLICATION, DISTRIBUTION, ETC. | |
| Place of publication, distribution, etc. | Kolkata : |
| Name of publisher, distributor, etc. | Stree, |
| Date of publication, distribution, etc. | 2010. |
| 300 ## - PHYSICAL DESCRIPTION | |
| Extent | x, 294 p., [4] p. of plates : |
| Other physical details | ill. ; |
| Dimensions | 22 cm. |
| 650 #0 - SUBJECT ADDED ENTRY--TOPICAL TERM | |
| Topical term or geographic name entry element | Women |
| General subdivision | Political activity |
| Geographic subdivision | India |
| -- | West Bengal. |
| 650 #0 - SUBJECT ADDED ENTRY--TOPICAL TERM | |
| Topical term or geographic name entry element | Women and journalism |
| Geographic subdivision | India |
| -- | West Bengal |
| General subdivision | History. |
| 650 #0 - SUBJECT ADDED ENTRY--TOPICAL TERM | |
| Topical term or geographic name entry element | Women journalists |
| Geographic subdivision | India |
| -- | West Bengal |
| Form subdivision | Biography. |
| 942 ## - ADDED ENTRY ELEMENTS (KOHA) | |
| Source of classification or shelving scheme | Dewey Decimal Classification |
| Koha item type | BOOKs |
| Withdrawn status | Lost status | Source of classification or shelving scheme | Materials specified (bound volume or other part) | Damaged status | Not for loan | Home library | Current library | Shelving location | Date acquired | Source of acquisition | Cost, normal purchase price | Total Checkouts | Full call number | Barcode | Date last seen | Price effective from | Koha item type |
|---|---|---|---|---|---|---|---|---|---|---|---|---|---|---|---|---|---|
| Dewey Decimal Classification | HB | Not For Loan | . | . | On Display | 15.05.2019 | Purchased | 680.00 | 305.420954 GUP | 37230 | 15.05.2019 | 15.05.2019 | BOOKs |